000 00293nam a22001337a 4500
008 171004b xxu||||| |||| 00| 0 eng d
020 _a9780205542789
041 _aeng
080 _a10TH
100 _a48
101 _aPSI
245 _aEDUCATIONAL PSYCHOLOGY
_cWOOLFOLK,A
942 _2udc
_cBK
999 _c31805
_d31805